Statistics for Former flags

Click here to take the quiz!

General Stats

  • This quiz has been taken 368 times
  • The average score is 12 of 16

Answer Stats

Answer% Correct
Germany
86%
Libya
85%
Mongolia
84%
South Africa
84%
Haiti
80%
Kampuchea
80%
Iran
78%
Afghanistan
77%
Rwanda
77%
Mozambique
74%
Greece
73%
Democratic Republic of the Congo
68%
China
65%
Lesotho
59%
Laos
56%
Myanmar
50%

Score Distribution

Percentile by Number Answered

Percent of People with Each Score

Your Score History

You have not taken this quiz